000 00839nam a2200205Ia 4500
001 11374
003 GE_BSU
008 181216s||||||||xx |||||||||||||| ||und||
040 _cGE_BSU
080 _a581.9(479.22)
245 _aსაქართველოს ფლორა
245 _cმთ. რედ. ნ. კეცხოველი, დ. სოსნოვსკი, VII ტომის რედ: ა. ხარაძე შემდგ: ა. დოლუბანოვი, თ. დუმბაძე, ო. კაპელერი და სხვ.
260 _aთბილისი.
260 _bსაქ. სსრ მეცნ. აკად. გამ-ბა
260 _c1952
300 _a700გვ.24სმ.
300 _eილ.
653 _aსაქართველოს ფლორა
942 _cBK
999 _c44571
_d44571